000
00332nam a2200145Ia 4500
008
191201s2019 xx 000 0 und d
082
_a
004.678
_b
JAI
100
_a
JAIN, Manish
245
0
_a
Internet Complete
250
_a
2rd
260
_a
N.Delhi
_b
BPB Publication
300
_a
1005
650
_a
B.Tech(CSE)
942
_2
ddc
_c
BK
999
_c
1718
_d
1718